|
|
|
|
| LEADER |
00000nam a2200000 4500 |
| 003 |
cru CIDCACS/IIS |
| 005 |
20190213062541.0 |
| 008 |
180927b1989 cr ||||| |||| 00| 0 spa d |
| 999 |
|
|
|c 41748
|d 41748
|
| 040 |
|
|
|c cru CIDCACS/IIS
|
| 090 |
|
4 |
|a REV0750
|
| 100 |
1 |
|
|9 6288
|a Gallardo, Helio
|
| 110 |
2 |
|
|9 7636
|a Departamento Ecuménico de Investigaciones (DEI)
|
| 245 |
1 |
|
|a Tres formas de lectura de los fenómenos políticos latinoamericanos
|c Helio Gallardo
|
| 260 |
|
|
|a San José, Costa Rica
|b DEI
|c 1989
|
| 300 |
|
|
|a 1-9 páginas.
|
| 650 |
1 |
0 |
|a PAISES EN DESARROLLO
|9 1642
|
| 650 |
1 |
7 |
|9 1816
|a RELACIONES NORTE SUR
|
| 650 |
1 |
7 |
|9 2733
|a AUTODETERMINACION
|
| 650 |
1 |
7 |
|9 2097
|a SOCIALISMO
|
| 650 |
1 |
7 |
|9 3745
|a INTERVENCION DEL ESTADO
|
| 650 |
1 |
7 |
|9 82
|a LIBERALISMO
|
| 650 |
1 |
7 |
|9 3250
|a MERCADO
|
| 650 |
1 |
7 |
|9 5212
|a SEGURIDAD NACIONAL
|
| 650 |
1 |
7 |
|9 64
|a CAPITALISMO
|
| 773 |
0 |
|
|0 41641
|9 2280
|a Departamento Ecuménico de Investigaciones (DEI)
|d San José, Costa Rica Departamento Ecuménico de Investigaciones (DEI)
|o 20065
|t Pasos /
|
| 942 |
|
|
|2 ddc
|c PP
|